Estadísticas para Banderas de los países de África Occidental

Haz click aquí para tomar la prueba!

Estadísticas generales

  • Esta prueba ha sido tomada 71 veces
  • La puntuación promedio es 13 de 16

Estadísticas de respuestas

Respuesta% Correcto
Nigeria
98%
Liberia
95%
Níger
93%
Senegal
90%
Cabo Verde
88%
Burkina Faso
85%
Costa de Marfil
85%
Togo
83%
Mauritania
83%
Ghana
80%
Sierra Leona
78%
Gambia
73%
Benín
70%
Guinea-Bissau
70%
Guinea
70%
Malí
65%

Distribución de puntuación

Porcentaje por número respondido

Porcentaje de gente con cada puntuación

Historial de tus puntuaciones

No has tomado esta prueba